Les athlètes les mieux rémunérés dans sept sports professionnels - Statistiques

Statistiques générales
  • Ce quiz a été pris 181 fois
  • Le résultat moyen est 2 sur 7
Statistiques - réponses
Hint Réponse % Correct
Football Cristiano Ronaldo
91%
Basket LeBron James
58%
Formule 1 Lewis Hamilton
45%
Tennis Roger Federer
27%
Boxe Canelo Alvarez
4%
Golf Dustin Johnson
1%
Football américain Russel Wilson
0%
Aucun quiz correspondant
Distribution des résultats
% des personnes avec chaque résultat
Percentile par nombre de réponses
Votre historique - résultats
Vous n’avez pas pris ce quiz